[Event "XLIV Memoriał Szachowy Ludwika Zamenhofa 2025, Grupa A"]
[Site "Białystok, Poland"]
[Date "2025.12.27"]
[Round "2.17"]
[White "Borowik, Wojciech"]
[Black "Flak, Pawel"]
[Result "1/2-1/2"]
[TimeControl "90'+30\""]
[WhiteElo "2204"]
[BlackElo "2113"]

1. d4 {[%clk 01:29:35]} {[%emt 00:01:21]} b6 {[%clk 01:30:54]} {[%emt
00:00:11]} 2. c4 {[%clk 01:28:47]} {[%emt 00:01:18]} Bb7 {[%clk 01:31:22]}
{[%emt 00:00:02]} 3. Nc3 {[%clk 01:29:05]} {[%emt 00:00:12]} Nf6 {[%clk
01:31:37]} {[%emt 00:00:14]} 4. d5 {[%clk 01:29:19]} {[%emt 00:00:17]} e6
{[%clk 01:32:05]} {[%emt 00:00:02]} 5. a3 {[%clk 01:29:29]} {[%emt 00:00:20]}
exd5 {[%clk 01:26:12]} {[%emt 00:06:22]} 6. cxd5 {[%clk 01:29:52]} {[%emt
00:00:07]} Be7 {[%clk 01:26:40]} {[%emt 00:00:03]} 7. g3 {[%clk 01:26:01]}
{[%emt 00:04:21]} O-O {[%clk 01:26:13]} {[%emt 00:00:57]} 8. Bg2 {[%clk
01:26:26]} {[%emt 00:00:05]} Re8 {[%clk 01:25:56]} {[%emt 00:00:47]} 9. e4
{[%clk 01:19:04]} {[%emt 00:07:52]} Bf8 {[%clk 01:11:44]} {[%emt 00:14:42]} 10.
Nge2 {[%clk 01:18:49]} {[%emt 00:00:44]} Na6 {[%clk 01:11:17]} {[%emt
00:00:57]} 11. O-O {[%clk 01:15:43]} {[%emt 00:03:36]} Nc5 {[%clk 01:11:04]}
{[%emt 00:00:44]} 12. f3 {[%clk 01:11:29]} {[%emt 00:04:44]} a5 {[%clk
01:10:20]} {[%emt 00:01:14]} 13. Qc2 {[%clk 01:06:04]} {[%emt 00:05:54]} c6
{[%clk 01:07:59]} {[%emt 00:02:52]} 14. dxc6 {[%clk 01:01:20]} {[%emt
00:05:14]} dxc6 {[%clk 01:06:35]} {[%emt 00:01:54]} 15. Rd1 {[%clk 01:01:38]}
{[%emt 00:00:11]} Qe7 {[%clk 01:04:23]} {[%emt 00:02:43]} 16. b3 {[%clk
00:58:06]} {[%emt 00:04:02]} Red8 {[%clk 00:54:49]} {[%emt 00:10:04]} 17. Bb2
{[%clk 00:45:30]} {[%emt 00:13:06]} Qe6 {[%clk 00:52:53]} {[%emt 00:02:25]} 18.
e5 {[%clk 00:39:32]} {[%emt 00:06:28]} Qxb3 {[%clk 00:37:49]} {[%emt 00:15:35]}
19. Qxb3 {[%clk 00:39:05]} {[%emt 00:00:57]} Nxb3 {[%clk 00:38:17]} {[%emt
00:00:02]} 20. exf6 {[%clk 00:38:01]} {[%emt 00:01:34]} Nxa1 {[%clk 00:38:45]}
{[%emt 00:00:02]} 21. Rxa1 {[%clk 00:37:17]} {[%emt 00:01:14]} Rd2 {[%clk
00:33:27]} {[%emt 00:05:47]} 22. Bc1 {[%clk 00:33:57]} {[%emt 00:03:51]} Bc5+
{[%clk 00:32:10]} {[%emt 00:01:47]} 23. Kf1 {[%clk 00:33:45]} {[%emt 00:00:42]}
Rd3 {[%clk 00:32:08]} {[%emt 00:00:32]} 24. Bb2 {[%clk 00:24:51]} {[%emt
00:09:24]} Rad8 {[%clk 00:15:07]} {[%emt 00:17:31]} 25. Ke1 {[%clk 00:21:25]}
{[%emt 00:03:56]} Be3 {[%clk 00:14:14]} {[%emt 00:01:22]} 26. f4 {[%clk
00:13:31]} {[%emt 00:08:25]} Bd2+ {[%clk 00:13:58]} {[%emt 00:00:46]} 27. Kf2
{[%clk 00:13:19]} {[%emt 00:00:41]} Be3+ {[%clk 00:10:07]} {[%emt 00:04:21]} 28.
Ke1 {[%clk 00:13:27]} {[%emt 00:00:21]} Bd2+ {[%clk 00:08:57]} {[%emt
00:01:41]} 29. Kf2 {[%clk 00:10:46]} {[%emt 00:03:12]} Be3+ {[%clk 00:09:23]}
{[%emt 00:00:04]} 30. Ke1 {[%clk 00:05:27]} {[%emt 00:05:48]} 1/2-1/2

[Event "XLIV Memoriał Szachowy Ludwika Zamenhofa 2025, Grupa A"]
[Site "Białystok, Poland"]
[Date "2025.12.27"]
[Round "2.18"]
[White "Rozycki, Bartlomiej"]
[Black "Paprocki, Jaroslaw"]
[Result "1/2-1/2"]
[TimeControl "90'+30\""]
[WhiteElo "2197"]
[BlackElo "2096"]

1. e4 {[%clk 01:30:58]} {[%emt 00:00:01]} e5 {[%clk 01:30:47]} {[%emt
00:00:13]} 2. Nf3 {[%clk 01:31:23]} {[%emt 00:00:05]} Nc6 {[%clk 01:31:08]}
{[%emt 00:00:10]} 3. d4 {[%clk 01:31:48]} {[%emt 00:00:06]} exd4 {[%clk
01:31:30]} {[%emt 00:00:07]} 4. Nxd4 {[%clk 01:32:15]} {[%emt 00:00:02]} Nf6
{[%clk 01:30:50]} {[%emt 00:01:11]} 5. Nxc6 {[%clk 01:32:41]} {[%emt 00:00:04]}
bxc6 {[%clk 01:31:04]} {[%emt 00:00:16]} 6. Bd3 {[%clk 01:33:02]} {[%emt
00:00:09]} d5 {[%clk 01:31:27]} {[%emt 00:00:06]} 7. exd5 {[%clk 01:33:28]}
{[%emt 00:00:05]} Qe7+ {[%clk 01:31:55]} {[%emt 00:00:02]} 8. Qe2 {[%clk
01:32:02]} {[%emt 00:01:55]} Qxe2+ {[%clk 01:30:53]} {[%emt 00:01:32]} 9. Kxe2
{[%clk 01:28:09]} {[%emt 00:04:24]} cxd5 {[%clk 01:30:53]} {[%emt 00:00:29]} 10.
Bf4 {[%clk 01:27:26]} {[%emt 00:01:13]} c6 {[%clk 01:29:18]} {[%emt 00:02:05]}
11. Re1 {[%clk 01:26:35]} {[%emt 00:01:22]} Be6 {[%clk 01:20:05]} {[%emt
00:09:42]} 12. Nd2 {[%clk 01:26:17]} {[%emt 00:00:48]} Nh5 {[%clk 01:16:01]}
{[%emt 00:04:34]} 13. Be3 {[%clk 01:22:25]} {[%emt 00:04:23]} Bd6 {[%clk
01:14:21]} {[%emt 00:02:10]} 14. g3 {[%clk 01:22:08]} {[%emt 00:00:47]} c5
{[%clk 01:09:41]} {[%emt 00:05:09]} 15. c4 {[%clk 01:18:47]} {[%emt 00:03:52]}
d4 {[%clk 01:07:24]} {[%emt 00:02:46]} 16. Ne4 {[%clk 01:19:01]} {[%emt
00:00:17]} Be7 {[%clk 01:06:57]} {[%emt 00:00:56]} 17. Bg5 {[%clk 01:14:40]}
{[%emt 00:04:52]} f6 {[%clk 01:00:50]} {[%emt 00:06:37]} 18. Bd2 {[%clk
01:14:49]} {[%emt 00:00:21]} Kf7 {[%clk 00:58:53]} {[%emt 00:02:26]} 19. Kf3
{[%clk 00:59:26]} {[%emt 00:15:53]} g5 {[%clk 00:56:26]} {[%emt 00:02:57]} 20.
Ba5 {[%clk 00:53:39]} {[%emt 00:06:17]} f5 {[%clk 00:53:37]} {[%emt 00:03:19]}
21. Nd2 {[%clk 00:54:04]} {[%emt 00:00:05]} Bd7 {[%clk 00:52:59]} {[%emt
00:01:07]} 22. Bxf5 {[%clk 00:51:54]} {[%emt 00:02:41]} Bxf5 {[%clk 00:51:59]}
{[%emt 00:01:31]} 23. g4 {[%clk 00:52:20]} {[%emt 00:00:03]} Bg6 {[%clk
00:49:47]} {[%emt 00:02:43]} 24. gxh5 {[%clk 00:52:46]} {[%emt 00:00:04]} Bxh5+
{[%clk 00:50:06]} {[%emt 00:00:11]} 25. Kg2 {[%clk 00:53:14]} {[%emt 00:00:02]}
Rab8 {[%clk 00:41:16]} {[%emt 00:09:20]} 26. b3 {[%clk 00:52:21]} {[%emt
00:01:22]} h6 {[%clk 00:41:21]} {[%emt 00:00:25]} 27. Re5 {[%clk 00:45:26]}
{[%emt 00:07:26]} Rhe8 {[%clk 00:38:36]} {[%emt 00:03:15]} 28. Rae1 {[%clk
00:43:44]} {[%emt 00:02:12]} Bd6 {[%clk 00:27:12]} {[%emt 00:11:54]} 29. Rxe8
{[%clk 00:43:50]} {[%emt 00:00:24]} Rxe8 {[%clk 00:27:35]} {[%emt 00:00:07]} 30.
Rxe8 {[%clk 00:43:42]} {[%emt 00:00:38]} Kxe8 {[%clk 00:27:59]} {[%emt
00:00:05]} 31. Ne4 {[%clk 00:42:58]} {[%emt 00:01:15]} Be7 {[%clk 00:27:17]}
{[%emt 00:01:11]} 32. a3 {[%clk 00:42:27]} {[%emt 00:01:01]} Bd1 {[%clk
00:21:08]} {[%emt 00:06:39]} 33. b4 {[%clk 00:41:51]} {[%emt 00:01:07]} Be2
{[%clk 00:18:53]} {[%emt 00:02:44]} 34. bxc5 {[%clk 00:36:28]} {[%emt
00:05:54]} Bxc4 {[%clk 00:17:30]} {[%emt 00:01:53]} 35. Nd6+ {[%clk 00:36:53]}
{[%emt 00:00:05]} Bxd6 {[%clk 00:17:54]} {[%emt 00:00:05]} 36. cxd6 {[%clk
00:37:20]} {[%emt 00:00:03]} Kd7 {[%clk 00:18:00]} {[%emt 00:00:24]} 37. Bb4
{[%clk 00:37:18]} {[%emt 00:00:33]} Ke6 {[%clk 00:12:46]} {[%emt 00:05:43]} 38.
Kf3 {[%clk 00:37:00]} {[%emt 00:00:47]} Bb5 {[%clk 00:07:28]} {[%emt 00:05:48]}
39. Ke4 {[%clk 00:36:09]} {[%emt 00:01:21]} d3 {[%emt 00:02:33]} 40. f4 {[%clk
00:34:13]} gxf4 {[%clk 00:08:01]} {[%emt 00:00:20]} 41. Kxf4 {[%clk 00:34:40]}
{[%emt 00:00:03]} Be8 {[%clk 00:05:03]} {[%emt 00:03:28]} 42. h4 {[%clk
00:34:53]} {[%emt 00:00:18]} d2 {[%clk 00:02:56]} {[%emt 00:02:36]} 43. Bxd2
{[%clk 00:35:19]} {[%emt 00:00:04]} Kxd6 {[%clk 00:03:13]} {[%emt 00:00:12]} 44.
Bb4+ {[%clk 00:35:19]} {[%emt 00:00:31]} Ke6 {[%clk 00:03:32]} {[%emt
00:00:09]} 45. Kg4 {[%clk 00:35:46]} {[%emt 00:00:05]} h5+ {[%clk 00:01:55]}
{[%emt 00:02:06]} 1/2-1/2

[Event "XLIV Memoriał Szachowy Ludwika Zamenhofa 2025, Grupa A"]
[Site "Białystok, Poland"]
[Date "2025.12.27"]
[Round "2.19"]
[White "Korszanski, Stanislaw"]
[Black "Kiolbasa, Damian"]
[Result "1-0"]
[TimeControl "90'+30\""]
[WhiteElo "2187"]
[BlackElo "2079"]

1. e4 {[%clk 01:30:26]} {[%emt 00:00:33]} c5 {[%clk 01:30:59]} {[%emt
00:00:02]} 2. Nf3 {[%clk 01:30:43]} {[%emt 00:00:13]} d6 {[%clk 01:31:27]}
{[%emt 00:00:01]} 3. d4 {[%clk 01:31:05]} {[%emt 00:00:08]} cxd4 {[%clk
01:31:56]} {[%emt 00:00:02]} 4. Nxd4 {[%clk 01:31:30]} {[%emt 00:00:05]} Nf6
{[%clk 01:32:19]} {[%emt 00:00:06]} 5. Nc3 {[%clk 01:31:56]} {[%emt 00:00:05]}
a6 {[%clk 01:32:46]} {[%emt 00:00:03]} 6. Qf3 {[%clk 01:32:08]} {[%emt
00:00:17]} Qc7 {[%clk 01:30:26]} {[%emt 00:02:50]} 7. Nd5 {[%clk 01:30:20]}
{[%emt 00:02:18]} Nxd5 {[%clk 01:30:39]} {[%emt 00:00:18]} 8. exd5 {[%clk
01:30:47]} {[%emt 00:00:02]} g6 {[%clk 01:30:50]} {[%emt 00:00:20]} 9. Be3
{[%clk 01:29:46]} {[%emt 00:01:31]} Bg7 {[%clk 01:31:16]} {[%emt 00:00:03]} 10.
O-O-O {[%clk 01:29:32]} {[%emt 00:00:44]} Nd7 {[%clk 01:31:13]} {[%emt
00:00:34]} 11. Qg3 {[%clk 01:16:35]} {[%emt 00:13:26]} Nb6 {[%clk 01:30:26]}
{[%emt 00:01:18]} 12. Kb1 {[%clk 01:13:27]} {[%emt 00:03:38]} Nxd5 {[%clk
01:28:32]} {[%emt 00:02:25]} 13. Nb5 {[%clk 01:12:52]} {[%emt 00:01:04]} axb5
{[%clk 01:29:00]} {[%emt 00:00:02]} 14. Bxb5+ {[%clk 01:13:14]} {[%emt
00:00:08]} Kf8 {[%clk 01:28:14]} {[%emt 00:01:16]} 15. Rxd5 {[%clk 01:11:47]}
{[%emt 00:01:57]} Be6 {[%clk 01:28:43]} {[%emt 00:00:01]} 16. Rhd1 {[%clk
00:59:28]} {[%emt 00:12:49]} Bxd5 {[%clk 01:29:00]} {[%emt 00:00:13]} 17. Rxd5
{[%clk 00:59:54]} {[%emt 00:00:04]} Qa5 {[%clk 01:29:19]} {[%emt 00:00:11]} 18.
a4 {[%clk 01:00:10]} {[%emt 00:00:14]} Qb4 {[%clk 01:23:20]} {[%emt 00:06:28]}
19. Bc1 {[%clk 01:00:26]} {[%emt 00:00:14]} h5 {[%clk 01:23:06]} {[%emt
00:00:44]} 20. Qd3 {[%clk 00:49:23]} {[%emt 00:11:32]} Qe1 {[%clk 01:19:42]}
{[%emt 00:03:55]} 21. Qf3 {[%clk 00:48:05]} {[%emt 00:01:48]} Bf6 {[%clk
01:16:43]} {[%emt 00:03:29]} 22. Rd1 {[%clk 00:44:12]} {[%emt 00:04:23]} Qe5
{[%clk 01:17:11]} {[%emt 00:00:02]} 23. Qxb7 {[%clk 00:43:51]} {[%emt
00:00:51]} Kg7 {[%clk 01:17:39]} {[%emt 00:00:02]} 24. g3 {[%clk 00:41:59]}
{[%emt 00:02:22]} Rhb8 {[%clk 01:18:02]} {[%emt 00:00:08]} 25. Qd5 {[%clk
00:42:19]} {[%emt 00:00:09]} Rc8 {[%clk 01:12:10]} {[%emt 00:06:23]} 26. Qxe5
{[%clk 00:41:08]} {[%emt 00:01:41]} Bxe5 {[%clk 01:12:38]} {[%emt 00:00:01]} 27.
Be3 {[%clk 00:40:35]} {[%emt 00:01:06]} h4 {[%clk 01:12:12]} {[%emt 00:00:53]}
28. g4 {[%clk 00:37:14]} {[%emt 00:03:51]} d5 {[%clk 01:08:59]} {[%emt
00:03:44]} 29. f4 {[%clk 00:37:11]} {[%emt 00:00:33]} Bc7 {[%clk 01:06:20]}
{[%emt 00:03:09]} 30. Rxd5 {[%clk 00:36:01]} {[%emt 00:01:39]} Rd8 {[%clk
01:06:49]} {[%emt 00:00:01]} 31. Rxd8 {[%clk 00:35:41]} {[%emt 00:00:50]} Rxd8
{[%clk 01:07:17]} {[%emt 00:00:02]} 32. b4 {[%clk 00:29:53]} {[%emt 00:06:18]}
g5 {[%clk 01:04:46]} {[%emt 00:03:02]} 33. fxg5 {[%clk 00:28:55]} {[%emt
00:01:27]} Bxh2 {[%clk 01:05:15]} {[%emt 00:00:02]} 34. a5 {[%clk 00:29:16]}
{[%emt 00:00:09]} Be5 {[%clk 00:26:20]} {[%emt 00:39:25]} 35. a6 {[%clk
00:27:24]} {[%emt 00:02:22]} Rd1+ {[%clk 00:26:38]} {[%emt 00:00:12]} 36. Ka2
{[%clk 00:27:37]} {[%emt 00:00:17]} h3 {[%clk 00:26:59]} {[%emt 00:00:08]} 37.
a7 {[%clk 00:26:14]} {[%emt 00:01:53]} h2 {[%clk 00:26:29]} {[%emt 00:01:01]}
38. Bc6 {[%clk 00:26:10]} {[%emt 00:00:33]} h1=Q {[%clk 00:26:31]} {[%emt
00:00:28]} 39. Bxh1 {[%clk 00:26:30]} {[%emt 00:00:09]} Rxh1 {[%clk 00:27:00]}
{[%emt 00:00:02]} 40. b5 {[%clk 00:26:22]} {[%emt 00:00:38]} Kg6 {[%clk
00:23:27]} {[%emt 00:04:04]} 41. c3 {[%clk 00:26:02]} {[%emt 00:00:49]} Rh8
{[%clk 00:23:04]} {[%emt 00:00:53]} 42. b6 {[%clk 00:25:03]} {[%emt 00:01:29]}
Bc7 {[%clk 00:23:11]} {[%emt 00:00:23]} 43. b7 {[%clk 00:25:13]} {[%emt
00:00:20]} 1-0

[Event "XLIV Memoriał Szachowy Ludwika Zamenhofa 2025, Grupa A"]
[Site "Białystok, Poland"]
[Date "2025.12.27"]
[Round "2.20"]
[White "Greicius, Pijus"]
[Black "Haladaj, Adam"]
[Result "1-0"]
[TimeControl "90'+30\""]
[WhiteElo "2170"]
[BlackElo "2062"]

1. d4 {[%clk 01:30:56]} {[%emt 00:00:03]} Nf6 {[%clk 01:30:06]} {[%emt
00:00:55]} 2. c4 {[%clk 01:31:20]} {[%emt 00:00:05]} c5 {[%clk 01:30:32]}
{[%emt 00:00:04]} 3. d5 {[%clk 01:31:46]} {[%emt 00:00:04]} b5 {[%clk
01:30:57]} {[%emt 00:00:05]} 4. cxb5 {[%clk 01:32:12]} {[%emt 00:00:05]} a6
{[%clk 01:31:24]} {[%emt 00:00:03]} 5. bxa6 {[%clk 01:32:35]} {[%emt 00:00:07]}
g6 {[%clk 01:31:48]} {[%emt 00:00:05]} 6. Nc3 {[%clk 01:32:57]} {[%emt
00:00:09]} Bg7 {[%clk 01:32:14]} {[%emt 00:00:04]} 7. e4 {[%clk 01:32:14]}
{[%emt 00:01:12]} O-O {[%clk 01:32:40]} {[%emt 00:00:05]} 8. a7 {[%clk
01:32:37]} {[%emt 00:00:07]} Rxa7 {[%clk 01:31:37]} {[%emt 00:01:33]} 9. Nf3
{[%clk 01:31:29]} {[%emt 00:01:37]} d6 {[%clk 01:27:11]} {[%emt 00:04:57]} 10.
Be2 {[%clk 01:31:36]} {[%emt 00:00:22]} Ba6 {[%clk 01:26:17]} {[%emt 00:01:24]}
11. O-O {[%clk 01:30:42]} {[%emt 00:01:24]} Nbd7 {[%clk 01:22:36]} {[%emt
00:04:11]} 12. a4 {[%clk 01:24:01]} {[%emt 00:07:11]} Qb6 {[%clk 01:16:51]}
{[%emt 00:06:15]} 13. Re1 {[%clk 01:20:00]} {[%emt 00:04:31]} Rb8 {[%clk
01:05:16]} {[%emt 00:12:05]} 14. Rb1 {[%clk 01:03:10]} {[%emt 00:17:20]} Qb3
{[%clk 00:48:25]} {[%emt 00:17:22]} 15. Qxb3 {[%clk 00:46:08]} {[%emt
00:17:32]} Rxb3 {[%clk 00:47:35]} {[%emt 00:01:19]} 16. Nb5 {[%clk 00:42:25]}
{[%emt 00:04:15]} Bxb5 {[%clk 00:46:05]} {[%emt 00:02:00]} 17. Bxb5 {[%clk
00:42:25]} {[%emt 00:00:30]} Rb4 {[%clk 00:33:51]} {[%emt 00:12:44]} 18. Nd2
{[%clk 00:40:32]} {[%emt 00:02:22]} Nb6 {[%clk 00:27:17]} {[%emt 00:07:05]} 19.
b3 {[%clk 00:40:00]} {[%emt 00:01:02]} Bh6 {[%clk 00:21:00]} {[%emt 00:06:47]}
20. f3 {[%clk 00:31:21]} {[%emt 00:09:08]} Nfd7 {[%clk 00:13:21]} {[%emt
00:08:09]} 21. Nf1 {[%clk 00:26:08]} {[%emt 00:05:43]} Bxc1 {[%clk 00:12:02]}
{[%emt 00:01:48]} 22. Rexc1 {[%clk 00:26:29]} {[%emt 00:00:10]} Ne5 {[%clk
00:07:57]} {[%emt 00:04:36]} 23. Ne3 {[%clk 00:26:07]} {[%emt 00:00:51]} Rd4
{[%clk 00:05:29]} {[%emt 00:02:58]} 24. Rd1 {[%clk 00:25:20]} {[%emt 00:01:17]}
Rxd1+ {[%clk 00:04:37]} {[%emt 00:01:22]} 25. Rxd1 {[%clk 00:24:54]} {[%emt
00:00:56]} Na8 {[%clk 00:03:32]} {[%emt 00:01:36]} 26. f4 {[%clk 00:21:29]}
{[%emt 00:03:54]} Nd7 {[%clk 00:03:58]} {[%emt 00:00:04]} 27. Bxd7 {[%clk
00:20:38]} {[%emt 00:01:22]} Rxd7 {[%clk 00:04:24]} {[%emt 00:00:04]} 28. e5
{[%clk 00:20:42]} {[%emt 00:00:26]} Nc7 {[%clk 00:03:18]} {[%emt 00:01:36]} 29.
Kf2 {[%clk 00:16:47]} {[%emt 00:04:25]} f6 {[%clk 00:01:02]} {[%emt 00:02:45]}
30. exf6 {[%clk 00:15:05]} {[%emt 00:02:12]} exf6 {[%clk 00:01:29]} {[%emt
00:00:04]} 31. Nc4 {[%clk 00:14:47]} {[%emt 00:00:48]} Kf8 {[%clk 00:01:26]}
{[%emt 00:00:32]} 32. a5 {[%clk 00:14:04]} {[%emt 00:01:13]} Nb5 {[%clk
00:01:03]} {[%emt 00:00:54]} 33. Re1 {[%clk 00:11:16]} {[%emt 00:03:17]} Nd4
{[%clk 00:00:43]} {[%emt 00:00:51]} 34. Re3 {[%clk 00:10:00]} {[%emt 00:01:46]}
f5 {[%clk 00:00:45]} {[%emt 00:00:28]} 35. g3 {[%clk 00:07:48]} {[%emt
00:02:41]} Kf7 {[%clk 00:00:53]} {[%emt 00:00:23]} 36. Rd3 {[%clk 00:06:30]}
{[%emt 00:01:48]} Nc2 {[%clk 00:00:57]} {[%emt 00:00:26]} 37. h3 {[%clk
00:05:17]} {[%emt 00:01:43]} Nb4 {[%clk 00:01:09]} {[%emt 00:00:19]} 38. Rd2
{[%clk 00:05:35]} {[%emt 00:00:11]} h5 {[%clk 00:00:53]} {[%emt 00:00:46]} 39.
Kf3 {[%clk 00:05:53]} {[%emt 00:00:11]} Rd8 {[%clk 00:00:45]} {[%emt 00:00:39]}
40. g4 {[%clk 00:06:00]} {[%emt 00:00:22]} hxg4+ {[%clk 00:01:04]} {[%emt
00:00:13]} 41. hxg4 {[%clk 00:06:24]} {[%emt 00:00:05]} fxg4+ {[%clk 00:01:20]}
{[%emt 00:00:13]} 42. Kxg4 {[%clk 00:06:47]} {[%emt 00:00:07]} Kf6 {[%clk
00:01:43]} {[%emt 00:00:07]} 43. Kf3 {[%clk 00:05:35]} {[%emt 00:01:41]} Kf7
{[%clk 00:00:51]} {[%emt 00:01:23]} 44. Kg3 {[%clk 00:05:03]} {[%emt 00:01:01]}
Ke7 {[%clk 00:00:39]} {[%emt 00:00:42]} 45. Re2+ {[%clk 00:04:39]} {[%emt
00:00:54]} Kf7 {[%clk 00:01:02]} {[%emt 00:00:05]} 46. Re6 {[%clk 00:04:37]}
{[%emt 00:00:34]} Nxd5 {[%clk 00:00:40]} {[%emt 00:00:53]} 47. Rxd6 {[%clk
00:05:00]} {[%emt 00:00:07]} Rxd6 {[%clk 00:00:39]} {[%emt 00:00:31]} 48. Nxd6+
{[%clk 00:05:24]} {[%emt 00:00:05]} Kf6 {[%clk 00:00:43]} {[%emt 00:00:26]} 49.
a6 {[%clk 00:03:07]} {[%emt 00:02:48]} Nc7 {[%clk 00:01:01]} {[%emt 00:00:10]}
50. Ne4+ {[%clk 00:03:00]} {[%emt 00:00:38]} Ke6 {[%clk 00:00:44]} {[%emt
00:00:45]} 51. Nxc5+ {[%clk 00:02:52]} {[%emt 00:00:39]} Kd5 {[%clk 00:01:10]}
{[%emt 00:00:05]} 52. b4 {[%clk 00:02:29]} {[%emt 00:00:52]} Kc4 {[%clk
00:01:38]} {[%emt 00:00:03]} 53. a7 {[%clk 00:02:37]} {[%emt 00:00:22]} Na8
{[%clk 00:00:53]} {[%emt 00:01:15]} 54. Nd7 {[%clk 00:01:38]} {[%emt 00:01:28]}
Kxb4 {[%clk 00:01:18]} {[%emt 00:00:06]} 55. Ne5 {[%clk 00:01:18]} {[%emt
00:00:49]} Kc5 {[%clk 00:01:04]} {[%emt 00:00:42]} 56. Nxg6 {[%clk 00:01:45]}
{[%emt 00:00:05]} Kb6 {[%clk 00:01:29]} {[%emt 00:00:06]} 57. f5 {[%clk
00:02:09]} {[%emt 00:00:06]} Kxa7 {[%clk 00:01:55]} {[%emt 00:00:04]} 58. f6
{[%clk 00:02:30]} {[%emt 00:00:08]} Nc7 {[%clk 00:01:11]} {[%emt 00:01:14]} 59.
Nf4 {[%clk 00:01:28]} {[%emt 00:01:32]} Kb6 {[%clk 00:00:51]} {[%emt 00:00:51]}
60. f7 {[%clk 00:01:52]} {[%emt 00:00:06]} 1-0

[Event "XLIV Memoriał Szachowy Ludwika Zamenhofa 2025, Grupa A"]
[Site "Białystok, Poland"]
[Date "2025.12.27"]
[Round "2.21"]
[White "Przybylski, Jan"]
[Black "Buklaho, Ignacy"]
[Result "1/2-1/2"]
[TimeControl "90'+30\""]
[WhiteElo "2152"]
[BlackElo "2049"]

1. e4 {[%clk 01:30:57]} {[%emt 00:00:03]} c6 {[%clk 01:30:47]} {[%emt
00:00:14]} 2. d4 {[%clk 01:31:19]} {[%emt 00:00:08]} d5 {[%clk 01:31:11]}
{[%emt 00:00:06]} 3. Nc3 {[%clk 01:31:10]} {[%emt 00:00:39]} dxe4 {[%clk
01:31:36]} {[%emt 00:00:05]} 4. Nxe4 {[%clk 01:31:34]} {[%emt 00:00:05]} Bf5
{[%clk 01:32:02]} {[%emt 00:00:05]} 5. Ng3 {[%clk 01:31:57]} {[%emt 00:00:07]}
Bg6 {[%clk 01:32:27]} {[%emt 00:00:05]} 6. Nh3 {[%clk 01:30:01]} {[%emt
00:02:25]} Nf6 {[%clk 01:32:27]} {[%emt 00:00:30]} 7. Nf4 {[%clk 01:30:08]}
{[%emt 00:00:23]} e5 {[%clk 01:32:52]} {[%emt 00:00:06]} 8. Nxg6 {[%clk
01:27:11]} {[%emt 00:03:27]} hxg6 {[%clk 01:33:05]} {[%emt 00:00:16]} 9. dxe5
{[%clk 01:23:47]} {[%emt 00:03:55]} Qa5+ {[%clk 01:33:27]} {[%emt 00:00:08]} 10.
Bd2 {[%clk 01:22:11]} {[%emt 00:02:06]} Qxe5+ {[%clk 01:33:51]} {[%emt
00:00:06]} 11. Qe2 {[%clk 01:20:59]} {[%emt 00:01:41]} Bd6 {[%clk 01:30:40]}
{[%emt 00:03:41]} 12. O-O-O {[%clk 01:15:52]} {[%emt 00:05:38]} O-O {[%clk
01:30:28]} {[%emt 00:00:41]} 13. Bc3 {[%clk 01:08:39]} {[%emt 00:07:43]} Qxe2
{[%clk 01:29:09]} {[%emt 00:01:49]} 14. Bxe2 {[%clk 01:08:01]} {[%emt
00:01:09]} Bf4+ {[%clk 01:29:21]} {[%emt 00:00:18]} 15. Kb1 {[%clk 01:07:52]}
{[%emt 00:00:39]} Nbd7 {[%clk 01:29:16]} {[%emt 00:00:33]} 16. Bf3 {[%clk
01:05:20]} {[%emt 00:03:03]} Rfe8 {[%clk 01:27:57]} {[%emt 00:01:49]} 17. Rhe1
{[%clk 00:58:57]} {[%emt 00:06:53]} Ne5 {[%clk 01:27:11]} {[%emt 00:01:15]} 18.
Bxe5 {[%clk 00:55:21]} {[%emt 00:04:07]} Bxe5 {[%clk 01:26:29]} {[%emt
00:01:12]} 19. Nf1 {[%clk 00:52:54]} {[%emt 00:02:57]} Bc7 {[%clk 01:24:30]}
{[%emt 00:02:29]} 20. Nd2 {[%clk 00:40:06]} {[%emt 00:13:18]} Bb6 {[%clk
01:23:17]} {[%emt 00:01:43]} 21. Ne4 {[%clk 00:35:14]} {[%emt 00:05:23]} Nxe4
{[%clk 01:22:37]} {[%emt 00:01:10]} 22. Rxe4 {[%clk 00:35:16]} {[%emt
00:00:27]} Bxf2 {[%clk 01:21:52]} {[%emt 00:01:16]} 23. Rxe8+ {[%clk 00:34:43]}
{[%emt 00:01:03]} Rxe8 {[%clk 01:22:15]} {[%emt 00:00:06]} 24. c3 {[%clk
00:34:59]} {[%emt 00:00:15]} Re7 {[%clk 01:20:50]} {[%emt 00:01:54]} 25. Kc2
{[%clk 00:35:07]} {[%emt 00:00:23]} Bb6 {[%clk 01:19:22]} {[%emt 00:01:57]} 26.
Rd2 {[%clk 00:33:45]} {[%emt 00:01:51]} f5 {[%clk 01:15:46]} {[%emt 00:04:08]}
27. Re2 {[%clk 00:33:16]} {[%emt 00:00:59]} Kf7 {[%clk 01:14:28]} {[%emt
00:01:47]} 28. Rxe7+ {[%clk 00:33:21]} {[%emt 00:00:25]} Kxe7 {[%clk 01:14:52]}
{[%emt 00:00:06]} 29. Kd3 {[%clk 00:33:32]} {[%emt 00:00:19]} Kd6 {[%clk
01:14:10]} {[%emt 00:01:12]} 30. b4 {[%clk 00:31:03]} {[%emt 00:02:59]} a5
{[%clk 01:09:36]} {[%emt 00:05:04]} 31. b5 {[%clk 00:27:32]} {[%emt 00:04:01]}
Kc5 {[%clk 01:07:35]} {[%emt 00:02:32]} 32. bxc6 {[%clk 00:27:35]} {[%emt
00:00:27]} bxc6 {[%clk 01:08:03]} {[%emt 00:00:02]} 33. a4 {[%clk 00:27:18]}
{[%emt 00:00:47]} Bc7 {[%clk 01:07:15]} {[%emt 00:01:17]} 34. h3 {[%clk
00:27:27]} {[%emt 00:00:21]} Bg3 {[%clk 01:06:58]} {[%emt 00:00:47]} 35. Bd1
{[%clk 00:26:55]} {[%emt 00:01:02]} Kd6 {[%clk 01:06:56]} {[%emt 00:00:32]} 36.
Bf3 {[%clk 00:26:20]} {[%emt 00:01:04]} Be1 {[%clk 01:07:12]} {[%emt 00:00:14]}
37. Kc4 {[%clk 00:24:53]} {[%emt 00:01:58]} g5 {[%clk 01:06:53]} {[%emt
00:00:49]} 38. Be2 {[%clk 00:23:07]} {[%emt 00:02:16]} Ke5 {[%clk 01:06:32]}
{[%emt 00:00:22]} 1/2-1/2